000 00444nam a2200181Ia 4500
005 20250603145123.0
008 250603s9999 xx 000 0 und d
020 _a9780849390050
050 _aTP 242 .K47/
100 _aKerry, Frank G.
245 0 _aIndustrial gas handbook : gas separation and purification
260 _aBoca Raton
260 _bCRC Press
260 _c2007
300 _a521 p
650 _aBoca Raton
942 _cBK
999 _c40933
_d40933